Dementia / (Record no. 1268)

MARC details
000 -LEADER
fixed length control field 01188cam a2200313 a 4500
001 - CONTROL NUMBER
control field 12375521
003 - CONTROL NUMBER IDENTIFIER
control field OSt
005 - DATE AND TIME OF LATEST TRANSACTION
control field 20150326160933.0
008 - FIXED-LENGTH DATA ELEMENTS--GENERAL INFORMATION
fixed length control field 010410s2000 enka b 001 0 eng
010 ## - LIBRARY OF CONGRESS CONTROL NUMBER
LC control number 2001266306
020 ## - INTERNATIONAL STANDARD BOOK NUMBER
International Standard Book Number 034075916X
040 ## - CATALOGING SOURCE
Original cataloging agency DLC
Transcribing agency DLC
Modifying agency DLC
050 00 - LIBRARY OF CONGRESS CALL NUMBER
Classification number RC521
Item number .D452 2000
082 00 - DEWEY DECIMAL CLASSIFICATION NUMBER
Classification number WM 100 D394j 2000
Edition number 21
245 00 - TITLE STATEMENT
Title Dementia /
Statement of responsibility, etc. edited by John O'Brien, David Ames, Alistair Burns.
250 ## - EDITION STATEMENT
Edition statement 2nd ed.
260 ## - PUBLICATION, DISTRIBUTION, ETC. (IMPRINT)
Place of publication, distribution, etc. London :
Name of publisher, distributor, etc. Arnold ;
Place of publication, distribution, etc. New York :
Name of publisher, distributor, etc. Oxford University Press,
Date of publication, distribution, etc. 2000.
300 ## - PHYSICAL DESCRIPTION
Extent xx, 940 p. :
Other physical details ill. ;
Dimensions 28 cm.
504 ## - BIBLIOGRAPHY, ETC. NOTE
Bibliography, etc Includes bibliographical references and index.
650 #0 - SUBJECT ADDED ENTRY--TOPICAL TERM
Topical term or geographic name as entry element Dementia.
9 (RLIN) 3387
700 1# - ADDED ENTRY--PERSONAL NAME
Personal name O'Brien, John,
Titles and other words associated with a name DM.
9 (RLIN) 3388
700 1# - ADDED ENTRY--PERSONAL NAME
Personal name Burns, Alistair S.
9 (RLIN) 3389
700 1# - ADDED ENTRY--PERSONAL NAME
Personal name Levy, Raymond.
9 (RLIN) 3390
856 41 - ELECTRONIC LOCATION AND ACCESS
Materials specified Table of contents only
Uniform Resource Identifier http://www.loc.gov/catdir/enhancements/fy0611/2001266306-t.html
856 42 - ELECTRONIC LOCATION AND ACCESS
Materials specified Publisher description
Uniform Resource Identifier http://www.loc.gov/catdir/enhancements/fy0611/2001266306-d.html
906 ## - LOCAL DATA ELEMENT F, LDF (RLIN)
a 7
b cbc
c origcop
d 2
e ncip
f 20
g y-gencatlg
942 ## - ADDED ENTRY ELEMENTS (KOHA)
Source of classification or shelving scheme Other/Generic Classification Scheme
Koha item type Short Loan
Holdings
Withdrawn status Lost status Source of classification or shelving scheme Damaged status Not for loan Home library Current library Date acquired Source of acquisition Inventory number Total Checkouts Full call number Barcode Date last seen Price effective from Koha item type
    Other/Generic Classification Scheme     MUST Main Library MUST Main Library 26/03/2015   2005/23075   WM 100 D394j 2000 2015-0665 26/03/2015 26/03/2015 Short Loan